00000000nem##2200000za#4500
0019.546880
003CaOODSP
00520200401002511
007aj |a|||
008150406|2009||||xxc||||   a##f  |   eng|d
020 |a978-0-660-63914-7
022 |a1915-884X
040 |aCaOODSP|beng
041 |aeng
041 |afre
043 |an-cn---
0861 |aM116-2/092G03
1101 |aCanada.|bNatural Resources Canada. |bCentre for Topographic Information.
24510|aLulu Island, British Columbia : |h[cartographic material]|bCanada - United States of America / |cProduced in partnership with Geo BC.
250 |aEd. 06, version 01
255 |aScale 1:50,000
260 |aOttawa - Ontario : |bNatural Resources Canada. |c2009.
300 |a1 sheet. : |bcoloured map ; |c68 cm.
4901 |aCanadian topographic maps|x1915-884X|v92-G/3
500 |aSeries A721. Includes a legend.
590 |a09-41|b2009-10-09
7760#|tLulu Island, Colombie-Britannique / |w(CaOODSP)9.583114
792 |tLulu Island, Colombie-Britannique : |efre|w(CaOODSP)9.546881
830#0|aCanadian topographic maps,|x1915-884X|v92-G/3|w(CaOODSP)9.511450